Most Guessed National Geographic Bee Winning Answers - Statistics

General Stats
  • This quiz has been taken 112 times
    88 since last reset
  • The average score is 6 of 10
Answer Stats
% Question Answer % Correct
94 Which country with over 80 million people is the most populous in the EU? Germany
97%
86 What is the most densely populated country in Asia? Singapore
79%
92 Tagalog is one of the three main languages of which country in Asia? Philippines
76%
81 Mount Erebus is a volcano on which continent? Antarctica
61%
72 Lebanon has a population most similar to which South American country? Paraguay
61%
81 The Tagus River divides which country into two agricultural regions? Portugal
56%
81 Goa, a state in southwestern India, belonged to which country until 1961? Portugal
56%
81 Pashtu and Dari are the official languages of which country in Asia? Afghanistan
52%
67 Which country is ruled by the President of France and the Bishop of Urgell? Andorra
51%
67 Peshawar, a city in Pakistan, is near what historic pass? Khyber Pass
32%
No matching quizzes found
Score Distribution
Percent of People with Each Score
Percentile by Number Answered
Your Score History
You have not taken this quiz since the last reset